| 000 | 00538nam a22001937a 4500 | ||
|---|---|---|---|
| 003 | KOHA_MİRAKIL | ||
| 005 | 20250926121329.0 | ||
| 008 | 250926b tu ||||| |||| 00| 0 tur d | ||
| 020 | _a9786057800718 | ||
| 040 |
_aTR-AnABB _btur _cTR-AnABB |
||
| 041 | _atur | ||
| 082 |
_a813.42 _bAYD 2020 |
||
| 100 | 1 | _aAydoğan, Lokman, | |
| 245 | 1 | 0 |
_aBozkırın ebabilleri / _cLokman Aydoğan |
| 260 |
_aİstanbul : _bYeditepe Yayınevi, _c2020 |
||
| 300 |
_a272 sayfa ; _c20 cm |
||
| 650 | 0 | 4 | _aTürk edebiyatı, roman |
| 942 |
_2ddc _cBK |
||
| 999 |
_c8913 _d8913 |
||
| 900 | _bGizem YORULMAZ | ||